000
00309nam a22001217a 4500
008
160512b xxu||||| |||| 00| 0 eng d
020
_a
9780534636661
020
_a
0534636667
041
_a
eng
080
_a
61
245
_a
Human histology a textbook in outline form:
_c
W.B.Saunders Company;
942
_2
udc
_c
BK
999
_c
2080
_d
2080